Handling federal discovery / (Registro nro. 172968)

Detalles MARC
000 -LEADER
fixed length control field 01192nam a22003491i 4500
001 - CONTROL NUMBER
control field bslw10067133
006 - FIXED-LENGTH DATA ELEMENTS--ADDITIONAL MATERIAL CHARACTERISTICS--GENERAL INFORMATION
fixed length control field m o d
007 - PHYSICAL DESCRIPTION FIXED FIELD--GENERAL INFORMATION
fixed length control field cr un ---uuuua
008 - FIXED-LENGTH DATA ELEMENTS--GENERAL INFORMATION
fixed length control field 230711s2022 cau ob 001 0 eng d
020 ## - INTERNATIONAL STANDARD BOOK NUMBER
International Standard Book Number 9781580123044
035 ## -
-- 38661
040 ## - CATALOGING SOURCE
Original cataloging agency UtOrBLW
Language of cataloging eng
Description conventions rda
Transcribing agency UtOrBLW
043 ## -
-- n-us---
050 #4 -
-- KF8900
-- .A93 2022
082 04 -
-- 347.7372
-- 23
100 1# - MAIN ENTRY--PERSONAL NAME
Personal name Audet, William M.,
Dates associated with a name 1959-
Relator term author.
245 10 - TITLE STATEMENT
Title Handling federal discovery /
Statement of responsibility, etc William M. Audet, Kimberly A. Fanady, "David" Ling Y. Kuang.
250 ## -
-- First edition, revision 25.
264 #1 -
-- Costa Mesa, CA :
-- James Publishing,
-- 2022.
300 ## - PHYSICAL DESCRIPTION
Extent 1 online resource (1 volume (various pagings))
336 ## -
-- text
-- txt
-- rdacontent
337 ## -
-- computer
-- c
-- rdamedia
338 ## -
-- online resource
-- cr
-- rdacarrier
504 ## - BIBLIOGRAPHY, ETC. NOTE
Bibliography, etc Includes bibliographical references and index.
650 #0 - SUBJECT ADDED ENTRY--TOPICAL TERM
Topical term or geographic name as entry element Discovery (Law)
Geographic subdivision United States.
650 #0 - SUBJECT ADDED ENTRY--TOPICAL TERM
Topical term or geographic name as entry element Federal government
Geographic subdivision United States.
700 1# - ADDED ENTRY--PERSONAL NAME
Personal name Fanady, Kimberly A.,
Dates associated with a name 1960-
Relator term author.
700 1# - ADDED ENTRY--PERSONAL NAME
Personal name Kuang, Ling Y.
Titles and other words associated with a name ("David"),
Relator term author.
856 40 - LOCALIZACIÓN Y ACCESO ELECTRÓNICO
Identificador Uniforme del Recurso (URI/URL) https://app.vlex.com/#/sources/38661
942 ## -
-- RAA
999 ## -
-- 172968
-- 172968

No hay ítems disponibles.


CONTACTO


NOSOTROS


SITIOS DE INTERES

coordinacion.biblioteca.biblioteca@unienlinea.mx Misión, Visión y Objetivos Bases de datos
Directorio Bibliotecas Digitales y Repositorios
Normatividad Revistas y artículos
Convenios interbibliotecarios
Boletines



Hecho en México. Universidad Insurgentes (UIN). Todos los derechos reservados 2024. Esta página y sus contenidos pueden ser reproducidos con fines no lucrativos, siempre y cuando no se mutile, se cite la fuente completa y su dirección electrónicas. De otra forma requiere permiso previo por escrito de la institución




2024 Copyright Universidad Insurgentes | www.bibliouin.com.mx